| 000 | 00405nam a2200145 i 4500 | ||
|---|---|---|---|
| 001 | 32745 | ||
| 003 | ES-MaACL | ||
| 007 | t| | ||
| 008 | 030131s1859 fr ||||1| fre d | ||
| 100 | 1 |
_aBerton, Caroline. _928484 |
|
| 245 | 1 | 0 |
_aRosette _b: le rival du mari / _cpar Caroline Berton née Samson. |
| 260 |
_aParís : _bM. Lévy frères, _c1859. |
||
| 300 |
_a299 p. ; _c19 cm. |
||
| 852 |
_aES-MaACL _jG-7419 |
||
| 999 |
_c32745 _d32745 |
||